000 00502nam a22001937a 4500
003 KOHA_MİRAKIL
005 20251201073650.0
008 251201b tu ||||| |||| 00| 0 tur d
020 _a9786053278924
040 _aTR-AnABB
_btur
_cTR-AnABB
041 _atur
082 _a340.1
_bGOZ 2019
100 1 _aGözler, Kemal,
245 1 0 _aHukuka giriş /
_cKemal Gözler
260 _aBursa :
_bEkin Yayınevi,
_c2019
300 _a540 sayfa ;
_c24 cm
650 0 4 _aHukuk
942 _2ddc
_cBK
999 _c9676
_d9676
900 _bGizem YORULMAZ